LEADER 01082nam a2200265 u 4500 001 000000050330 003 CaOOAMICUS 005 20070226115218.0 008 000731s1990 kyu u000 u eng u 035 $a10853277 040 $aPUL(R)$bita 100 1 $aBlenkinsopp, Joseph.$0(OLS)http://pul/name/25247 245 10$aEzekiel /$cJoseph Blenkinsopp. 260 $aLouisville :$bJohn Knox Press,$c1990. 300 $a242 p. ;$c23 cm 490 1 $aInterpretation : a Bible commentary for Teaching and Preaching 500 $aInclude indici. 630 04$aBiblia.$pV.T.$pEzechiel$xCommenti.$0(OLS)http://pul/subject/2178 830 0$aInterpretation : a Bible commentary for Teaching and Preaching.$0(OLS)http://pul/title/67647 850 $aPUL 852 $aPUL$W1$xDP1 Fondo Ciprotti$y59$m1534 B 28$j66743$nBK-PRI$b $qFondi$B66743$CPULBib$Z2$F66743 $H $81 941 1 $a1 961 $aINV: 0498. Fondo Ciprotti 996 $6245$aEzekiel$9(OLS)http://pul/title/67741 996 $6260$aLouisville :$bJohn Knox Press$9(OLS)http://pul/publisher/67629 LEADER 01464nam a2200349 u 4500 001 000000066739 003 CaOOAMICUS 005 20070226121617.0 008 020123s1984 gw u000 u ger u 020 $a3170083546 (v.1) 020 $a3170083554 (v.2) 035 $a10917700 040 $aPUL(R)$bita 245 14$aDie alte Kirche /$cMartin Greschat (Hrsg.) 260 $aStuttgart :$bW. Kohlhammer,$cc1984. 300 $a2 v. ;$c24 cm 490 1 $aGestalten der Kirchengeschichte ;$vBd. 1-2 500 $aComprende indice. 504 $aBibliografia in nota. 650 4$aPatristica.$0(OLS)http://pul/subject/538 700 1 $aGreschat, Martin,$d1934-2017.$0(OLS)http://pul/name/35349 830 0$aGestalten der Kirchengeschichte ;$vBd. 1-2.$0(OLS)http://pul/title/88579 850 $aPUL 852 $aPUL$W1$xSL Filosofia 1$y2$m105(1) F 1-2$j86311$nBK-PRI$b $qStampati$B86311$CPULBib$Z2$F86311 $H $81 852 $aPUL$W1$xSL Filosofia 1$y2$m105(1) F 1-2$j86311$nBK-PRI$b $qStampati$B86312$CPULBib$Z2$F86312 $H $81 941 1 $a8 961 $aINV: 53281 - 53282 961 $aINV: 53281 - 53282 996 $6020$a3170083546 (v.1)$9(OLS)http://pul/number/86570 996 $6020$a3170083554 (v.2)$9(OLS)http://pul/number/86571 996 $6245$aDie alte Kirche$9(OLS)http://pul/title/88585 996 $6260$aStuttgart :$bW. Kohlhammer$9(OLS)http://pul/publisher/48214